000
00227nam a22000857a 4500
008
160831b xxu||||| |||| 00| 0 eng d
100
_9
280
_a
Aneja O.P
245
_a
How to play badminton
260
_a
New Delhi
_b
Prerna publication
_c
2012
999
_c
2938
_d
2938